000 00328cam a2200133ua 4500
020 _a81 224 0316 6
082 _a519.5
_bAGA/BA
100 _aAgarwal, B L .
_91368
245 _aBasic Statistics /
250 _a2 / 5
260 _aNew Delhi :
_bWiley Eastern Ltd ,
_c1991.
300 _a758 ,806
_b506 ; .
942 _cBK
999 _c10587
_d10587